[Event "Baden-ch op U1200"]
[Site "Birkenfeld"]
[Date "2013.06.01"]
[Round "7"]
[White "Buehler, Stefan"]
[Black "Schreiber, Andreas"]
[Result "1-0"]
[WhiteElo "996"]
[BlackElo "929"]
[PlyCount "47"]
[EventDate "2013.05.30"]
[EventType "swiss"]
[EventRounds "7"]
[EventCountry "GER"]
[SourceTitle "EXT 2014"]
[Source "ChessBase"]
[SourceDate "2013.11.20"]
[SourceVersion "1"]
[SourceVersionDate "2013.11.20"]
[SourceQuality "1"]

1. e4 e5 2. Nf3 Nc6 3. Bc4 Bc5 4. c3 h6 5. 0-0 Nf6 6. d4 exd4 7. cxd4 Bb6 8. e5 Ne4 9. Bd5 Ng5 10. Nxg5 hxg5 11. Bxc6 dxc6 12. Be3 Be6 13. Nc3 Qd7 14. Ne4 0-0-0 15. Bxg5 Rdf8 16. Be3 Rh7 17. Qd2 Bh3 18. f3 Qe6 19. Ng5 Qg6 20. Nxh7 Qxh7 21. gxh3 Qxh3 22. Qg2 Qd7 23. Qxg7 Bxd4 24. Qxf8+ 1-0

[Event "Baden-ch op U1200"]
[Site "Birkenfeld"]
[Date "2013.06.01"]
[Round "5"]
[White "Nosal, Mischa"]
[Black "Schreiber, Andreas"]
[Result "1-0"]
[WhiteElo "835"]
[BlackElo "929"]
[PlyCount "136"]
[EventDate "2013.05.30"]
[EventType "swiss"]
[EventRounds "7"]
[EventCountry "GER"]
[SourceTitle "EXT 2014"]
[Source "ChessBase"]
[SourceDate "2013.11.20"]
[SourceVersion "1"]
[SourceVersionDate "2013.11.20"]
[SourceQuality "1"]

1. e3 e5 2. d4 e4 3. c4 d5 4. c5 c6 5. Nc3 Nf6 6. Be2 Bf5 7. h3 Be7 8. g4 Be6 9. f3 Na6 10. Bxa6 bxa6 11. fxe4 Nxe4 12. Nxe4 dxe4 13. Qa4 Qc8 14. Bd2 0-0 15. 0-0-0 Qb7 16. Ne2 Rab8 17. b3 Qb5 18. Qxb5 axb5 19. Ba5 Bd8 20. Bxd8 Rfxd8 21. Ng3 a5 22. Nxe4 Bd5 23. Nd2 Bxh1 24. Rxh1 Re8 25. Re1 a4 26. b4 Rbd8 27. a3 Rd5 28. Kc2 Re6 29. Kd3 Rh6 30. Rh1 f5 31. gxf5 Rxf5 32. Ne4 Rfh5 33. Nf2 Rf6 34. Ng4 Rg6 35. Nf2 Rg2 36. Ne4 Ra2 37. h4 Rxa3+ 38. Kd2 Ra2+ 39. Kc3 Rf5 40. Rb1 Rf3 41. Kd3 a3 42. Nc3 Rh2 43. Ne4 Rxh4 44. Ra1 Rh2 45. Rxa3 h6 46. Ra8+ Kh7 47. Rc8 Rb2 48. Rxc6 Rxb4 49. d5 Rb3+ 50. Kd4 Rfxe3 51. Re6 Rb4+ 52. Kxe3 Rb3+ 53. Kd4 Rb1 54. Re7 b4 55. Nf6+ Kg6 56. Ne8 b3 57. Rxg7+ Kh5 58. Rb7 Rd1+ 59. Ke5 Re1+ 60. Kd6 Rxe8 61. Rxb3 Rd8+ 62. Kc6 Rc8+ 63. Kb5 Rb8+ 64. Kc4 Rxb3 65. Kxb3 Kg5 66. c6 Kf6 67. c7 Ke5 68. c8Q Kxd5 1-0

[Event "Baden-ch op U1200"]
[Site "Birkenfeld"]
[Date "2013.05.30"]
[Round "1"]
[White "Schreiber, Andreas"]
[Black "Muetsch, Annmarie"]
[Result "0-1"]
[WhiteElo "929"]
[BlackElo "1200"]
[PlyCount "66"]
[EventDate "2013.05.30"]
[EventType "swiss"]
[EventRounds "7"]
[EventCountry "GER"]
[SourceTitle "EXT 2014"]
[Source "ChessBase"]
[SourceDate "2013.11.20"]
[SourceVersion "1"]
[SourceVersionDate "2013.11.20"]
[SourceQuality "1"]

1. d4 d5 2. Nc3 Nf6 3. Nf3 Nc6 4. Bf4 a6 5. h3 e6 6. a3 Bd7 7. e3 Be7 8. Be2 0-0 9. Qd2 b5 10. 0-0 Nh5 11. Bh2 Nf6 12. Bd3 b4 13. Ne2 bxa3 14. bxa3 a5 15. c3 Na7 16. a4 c5 17. Ne5 c4 18. Bc2 Nc6 19. Nxc6 Bxc6 20. Nf4 Qd7 21. Ne2 Ra7 22. Rfb1 Rb7 23. Rxb7 Qxb7 24. Rb1 Qd7 25. Qc1 Bxa4 26. Rb2 Ba3 27. Rb7 Qxb7 28. Qb1 Qxb1+ 29. Bxb1 Bb3 30. Bc7 a4 31. Kh2 Bb2 32. Bd6 Ra8 33. Nf4 a3 0-1